| 000 | 00422cam a22001337a 4500 | ||
|---|---|---|---|
| 008 | 180718b2001 xxu||||| |||| 00| 0 eng d | ||
| 082 | _aA81x54 01/08/PAP2/01 | ||
| 100 | _aCensus of India 2001 | ||
| 245 | _aDelhi: provisional population totals | ||
| 260 |
_aDelhi _bThe Controller of Publications _c2001 |
||
| 300 | _a107+p. | ||
| 440 | _aCensus of India 2001. Series-08, Delhi. Paper-2 of 2001 | ||
| 650 | _aDelhi - Census | ||
| 999 |
_c491829 _d491829 |
||